Milionerzy - Edycja Geografia - Statystyki

Ogólne statystyki
  • Ten quiz został rozwiązany 284 razy
    232 od ostatniego zresetowania
  • Średni wynik to 7 z 12
Statystyki odpowiedzi
Zagadnienie Odpowiedź % Poprawnych
Polska ma 1 stolicę, Holandia czy Boliwia mają 2 stolice, a 3 stolice ma: C) Republika Południowej Afryki
81%
Językiem urzędowym w Argentynie jest język: A) Hiszpański
75%
2 najmniejsze na świecie kraje pod względem powierzchni: D) Watykan i Monako
72%
W którym roku Stany Zjednoczone uzyskały Niepodległość? B) W 1776
71%
Stolicą Wietnamu jest: B) Hanoi
69%
Które z tych państw leży na półwyspie Indochińskim? A) Wietnam
63%
Który z tych krajów ma dostęp do Morza Czerwonego? D) Egipt
61%
Najdłuższa granica na świecie, to granica pomiędzy: D) Stanami Zjednoczonymi i Kanadą
57%
Najwyższy szczyt Afryki to Kilimandżaro. Jego wysokość wynosi: D) 5895 m n.p.m
47%
Brazylia dzieli się na stany. Jest ich dokładnie: A) 26
44%
Ile jest na świecie płyt tektonicznych? C) 7
44%
Malabo-Abudża-Nawakszut. Jeżeli udamy się w taką podróż to odwiedzimy: A) Gwineę Równikową, Nigerię i Mauretanie
40%
Nie znaleziono quizów pasujących do podanych kryteriów
Rozkład punktacji
Procent ludzi z każdym wynikiem
Percentyl według liczby udzielonych odpowiedzi
Twoja historia wyników
Nie rozwiązałeś tego quizu od ostatniego zresetowania